Faces on TIME (1980s) Quiz Stats

 Plays Quiz Updated Mar 29, 2018

Score 0/45 Timer 10:00
2 Plays Today
Row Face % Correct
Row 3 AcrossMichael Jackson
95.7%
Row 1 AcrossRonald Reagan
94.8%
Row 3 AcrossSuperman
94.4%
Row 1 AcrossTom Cruise
90.1%
Row 1 AcrossGeorge H.W. Bush
89.4%
Row 2 AcrossDonald Trump
83.5%
Row 3 AcrossDiana Spencer
81.5%
Row 1 AcrossMeryl Streep
79.9%
Row 5 AcrossSteve Martin
79.8%
Row 4 AcrossJohn Lennon
70.5%
Row 2 AcrossBette Midler
68.9%
Row 2 AcrossMolly Ringwald
65.5%
Row 4 AcrossKevin Costner
63.9%
Row 4 AcrossGlenn Close
63.9%
Row 5 AcrossPaul Newman
61.3%
Row 4 AcrossPete Rose
61.1%
Row 5 AcrossJoe Montana
56.3%
Row 4 AcrossArsenio Hall
52.6%
Row 3 AcrossMadonna
51.8%
Row 2 AcrossDavid Bowie
50.4%
Row 1 AcrossBjorn Borg
50.1%
Row 2 AcrossHenry Fonda
49.2%
Row 2 AcrossLarry Hagman
47.1%
Row Face % Correct
Row 5 AcrossOliver North
40.1%
Row 1 AcrossAndrew Lloyd Webber
39.6%
Row 3 AcrossMichael Dukakis
37.1%
Row 5 AcrossDan Rather
37%
Row 5 AcrossDiane Sawyer
36.6%
Row 2 AcrossCarl Lewis
36.1%
Row 4 AcrossDan Quayle
35.1%
Row 3 AcrossShirley MacLaine
33.6%
Row 4 AcrossMuammar al-Gaddafi
32.4%
Row 2 AcrossGeraldine Ferraro
31.3%
Row 5 AcrossAyatollah Khomeini
31.1%
Row 4 AcrossBrooke Shields
31%
Row 3 AcrossDwight Gooden
27.3%
Row 1 AcrossSandra Day O'Connor
26.9%
Row 5 AcrossJaclyn Smith
26.7%
Row 3 AcrossRalph Lauren
23.2%
Row 1 AcrossCorazon Aquino
23.2%
Row 1 AcrossSteve Jobs
21.2%
Row 3 AcrossErma Bombeck
16.8%
Row 5 AcrossLee Iacocca
16.2%
Row 2 AcrossLech Walesa
14.8%
Row 4 AcrossManuel Noriega
11.5%

You're not logged in!

Compare scores with friends on all Sporcle quizzes.
OR
Log In

You Might Also Like...

Show Comments

Extras

Top Quizzes Today


Score Distribution

Your Account Isn't Verified!

In order to create a playlist on Sporcle, you need to verify the email address you used during registration. Go to your Sporcle Settings to finish the process.

Report this User

Report this user for behavior that violates our Community Guidelines.

Details: